000 00752cam a22002172 4500
001 0000000880
005 20151217145722.0
008 070221s xx 000 0 eng d
020 _a0310239273 :
_cKES 780
040 _aKABU
_cKABU
050 0 _aBV4637
_b.O78 2001
100 1 _aOrtberg, John.
_@0000149287
245 1 0 _aIf you want to walk on water, you've got to get out of the boat. /
_cJohn Ortberg.
260 _aGrand Rapids, Mich. :
_bZondervan Pub. House,
_c2001.
300 _a212 p. ;
_c23 cm.
630 0 0 _aBible. N.T. Mathew XIV, 22-33.
_xCriticism, interpretation, etc.
_@0000149288
650 0 _aTrust in God
_xChristianity.
_@0000149289
908 _a070221
950 _@1
999 _c1857
_d1857